00913nam a2200229 a 450000100100000000500170001000800410002702000150006804000250008308200140010810000250012224500720014724600590021926000380027830000280031649000280034450000720037250000750044483000350051995201120055499900170066600004390520201002045034.0131120s1990 sp a 000 0 spa d a8478800220 aDO-SdBNPbspacBNPHU axxxxbxxx1 aLawner, Lynne97180114aLos 16 placeres :blas cortesanas del renacimiento /cLynne Lawner.12aLos dieciseis placeresblas cortesanas del renacimento aEspaña, :bTemas de hoy,c1990. a205 p. :bil. ;c21 cm.1 aBiblioteca eróticav8 aIncluye datos biografícos de la autora en la solapa de la portada aLa lectura de este libro no está recomendada a menores de 16 años. 0aBiblioteca erótican8971802 001050718MOaGRbGRcCTd2014-05-08iLF1l0oxxxx xxxp43905-10r2020-06-25w2020-06-25y1ZNo se presta c43394d43394